| 000 | 00436nam a2200109Ia 4500 | ||
|---|---|---|---|
| 008 | 160909s9999 xx 000 0 und d | ||
| 100 | _aCastilleja Gray, Beatrice. | ||
| 245 | _aTeacher Leadership: A Delphi Study of Factors in Building Teacher Leadership Capacity in Elementary Educational Organizations | ||
| 260 |
_bBrandman University _c2016 |
||
| 650 | _aEDUC/SPED | ||
| 856 | _uhttp://pqdtopen.proquest.com/doc/1796236292.html?FMT=ABS | ||
| 999 |
_c305092 _d305092 |
||